| 000 | 00594nam a22002057a 4500 | ||
|---|---|---|---|
| 999 |
_c171561 _d171561 |
||
| 005 | 20200115135749.0 | ||
| 010 | _aB-159514 | ||
| 020 |
_c195.00 _a817650162x |
||
| 020 | _a9788176501620 | ||
| 035 | _aB-159514 | ||
| 082 | _aN | ||
| 100 | _aKamleshwar | ||
| 245 |
_aA street with fifty seven lanes: _cby Kamleshwar _bnovel and stories/ |
||
| 260 |
_aNew Delhi _bStar Publications _c2005 |
||
| 270 |
_a4/5, Asaf Ali Road, _bNew Delhi _e110002 |
||
| 300 |
_a144p _c22cm(pbk) |
||
| 650 | _aEnglish Fiction | ||
| 942 |
_2ddc _cEN _mKAM _hN |
||